Statistics for Countries Ending In "-stan"

Click here to take the quiz!

General Stats

  • This quiz has been taken 42 times
  • The average score is 7 of 7

Answer Stats

Country% Correct
Pakistan
100%
Uzbekistan
100%
Afghanistan
97%
Turkmenistan
97%
Kazakhstan
95%
Tajikistan
95%
Kyrgyzstan
92%

Score Distribution

Percentile by Number Answered

Percent of People with Each Score

Your Score History

You have not taken this quiz